000 00527 a2200181 4500
020 _a0-486-24061-4
041 _aEng
082 _a003.54
_bP61i
100 _aPierce, John R.
245 _aAn introduction to information theory;
_bsymbols, signals & noise.
250 _a2nd rev.
260 _aNew york:
_bDover Publications,
_c1980
300 _axii, 305p.
504 _aIncludes index
650 _aInformation theory
_aMathematical models
_aLanguages
_aPsychology
_aCommunication
653 _aSystems
942 _2ddc
_cGEN
999 _c68369
_d68355